[Event "Hotel Montesano Open A"]
[Site "Villa San Giovanni ITA"]
[Date "2005.08.15"]
[Round "9"]
[White "Vocaturo, Daniele"]
[Black "Hirneise, Tobias"]
[Result "1-0"]
[WhiteElo "2372"]
[BlackElo "2131"]
[PlyCount "64"]
[EventDate "2005.08.07"]

1.e4 c5 2.Nf3 e6 3.d4 cxd4 4.Nxd4 Bc5 5.Nc3 Qb6 6.Na4 Qa5+ 7.c3 Bxd4 8.
Qxd4 Nf6 9.Nc5 Nc6 10.Qd6 b6 11.Nb3 Nxe4 12.Qxc6 dxc6 13.Nxa5 bxa5 14.Be3 
O-O 15.O-O-O e5 16.Bc4 Re8 17.f3 Nf6 18.Rd6 a4 19.Rhd1 Bf5 20.Rxc6 Rec8 
21.Rxc8+ Rxc8 22.Ba6 Re8 23.Bb5 Rc8 24.Bxa4 h5 25.Bc2 Be6 26.Bb3 Bxb3 27.
axb3 Rc7 28.Rd8+ Kh7 29.Ra8 Rb7 30.b4 Nd5 31.Rxa7 Rb8 32.Bd2 Kg6 1-0

[Event "IX Open A"]
[Site "Genova ITA"]
[Date "2005.08.08"]
[Round "1"]
[White "Astengo, Marcello"]
[Black "Hendriks, Willy"]
[Result "1-0"]
[WhiteElo "2096"]
[BlackElo "2415"]
[PlyCount "61"]
[EventDate "2005.08.08"]

1.d4 Nf6 2.c4 c5 3.d5 b5 4.cxb5 a6 5.f3 axb5 6.e4 Qa5+ 7.b4 cxb4 8.Nd2 b3 
9.Qxb3 e6 10.dxe6 fxe6 11.Qxb5 Qc7 12.Qg5 Rxa2 13.Rxa2 Qxc1+ 14.Kf2 Bc5+ 
15.Kg3 O-O 16.Ne2 Qe1+ 17.Kh3 d5 18.e5 Nfd7 19.f4 Be3 20.Nf3 Qb4 21.Rc2 
Nc5 22.Qh4 Nd3 23.g3 Qe4 24.Nc3 Qxf3 25.Bxd3 Rxf4 26.Qxh7+ Kf8 27.Rf1 Qg4+
28.Kg2 Bb7 29.Rxf4+ Bxf4 30.Qh8+ Ke7 31.Qxb8 1-0

[Event "IX Open A"]
[Site "Genova ITA"]
[Date "2005.08.08"]
[Round "1"]
[White "Barsov, Alexei"]
[Black "Fossati, Remigio"]
[Result "1-0"]
[WhiteElo "2530"]
[BlackElo "2133"]
[PlyCount "69"]
[EventDate "2005.08.08"]

1.d4 d5 2.c4 Nc6 3.Nc3 Nf6 4.Nf3 Bg4 5.cxd5 Nxd5 6.e4 Bxf3 7.gxf3 Nxc3 8.
bxc3 e5 9.d5 Nb8 10.Qb3 Nd7 11.Qxb7 Bd6 12.Bg5 f6 13.Be3 O-O 14.Bh3 Nc5 
15.Qb5 Qe7 16.O-O Kh8 17.Qc4 g6 18.Kh1 f5 19.exf5 gxf5 20.Rae1 Nd7 21.Rg1 
f4 22.Bd2 Nc5 23.Rg4 Qf7 24.Rg5 Rae8 25.Rf5 Qe7 26.Rxf4 exf4 27.Rxe7 Rxe7 
28.Qd4+ Kg8 29.c4 a6 30.Bb4 Rb8 31.Bxc5 Rb1+ 32.Kg2 Rg7+ 33.Bg4 h5 34.Bxd6
cxd6 35.Qe4 1-0

[Event "IX Open A"]
[Site "Genova ITA"]
[Date "2005.08.08"]
[Round "1"]
[White "Berni, Mauro"]
[Black "Bontempi, Piero"]
[Result "0-1"]
[WhiteElo "2059"]
[BlackElo "2328"]
[PlyCount "80"]
[EventDate "2005.08.08"]

1.Nf3 d5 2.c4 d4 3.e3 Nc6 4.exd4 Nxd4 5.Nxd4 Qxd4 6.Nc3 Nf6 7.d3 c6 8.Be3 
Qd8 9.Be2 Bf5 10.O-O e6 11.d4 Be7 12.Bf3 O-O 13.Qe2 Qa5 14.a3 Rfd8 15.Rfd1
Rd7 16.Rac1 Rad8 17.h3 h6 18.Qe1 Bd6 19.Ne2 Qa4 20.Ng3 Bc2 21.Rd2 Bg6 22.
Qe2 Bb8 23.Nh5 Nh7 24.Ng3 Ng5 25.Bh5 Bxh5 26.Qxh5 Bxg3 27.Bxg5 Bxf2+ 28.
Rxf2 hxg5 29.Qxg5 Rxd4 30.h4 R8d7 31.h5 Rxc4 32.Rxc4 Qxc4 33.h6 Rd1+ 34.
Kh2 Qd4 35.h7+ Kh8 36.Rxf7 Qd6+ 37.Kh3 Qd3+ 38.Kg4 Qe2+ 39.Rf3 Qxg2+ 40.
Rg3 Qxg3+ 0-1

[Event "IX Open A"]
[Site "Genova ITA"]
[Date "2005.08.08"]
[Round "1"]
[White "Capurro, Giuliano"]
[Black "Lanzani, Mario"]
[Result "0-1"]
[WhiteElo "2092"]
[BlackElo "2356"]
[PlyCount "136"]
[EventDate "2005.08.08"]

1.e4 e5 2.Nf3 Nc6 3.Bc4 Nf6 4.Ng5 d5 5.exd5 Nd4 6.c3 b5 7.cxd4 bxc4 8.dxe5
Qxd5 9.O-O Bb7 10.Qf3 Qxf3 11.Nxf3 Nd7 12.Re1 Nc5 13.Nc3 Nd3 14.Re2 Bc5 
15.b3 cxb3 16.axb3 O-O-O 17.Ba3 Bxf3 18.gxf3 Bd4 19.Be7 Rd7 20.Bg5 Nxe5 
21.Kg2 Ng6 22.Be3 Nh4+ 23.Kg3 Nf5+ 24.Kg2 Kb7 25.Ra4 Rhd8 26.Re1 Nxe3+ 27.
fxe3 Bxc3 28.dxc3 Rd2+ 29.Kg3 R8d6 30.h4 R2d3 31.Rb4+ Rb6 32.Re4 Rxc3 33.
b4 Rg6+ 34.Kf4 Rcc6 35.Rd4 Rcd6 36.Rc4 Rdf6+ 37.Ke4 Rc6 38.Rc5 Rxc5 39.
bxc5 Rh6 40.Rh1 Rh5 41.Kd4 Kc6 42.Ra1 Rd5+ 43.Ke4 Rxc5 44.Rxa7 Rc4+ 45.Ke5
Rxh4 46.f4 Kd7 47.e4 f6+ 48.Kf5 g6+ 49.Kxf6 Rxf4+ 50.Ke5 Rf7 51.Kd5 Rf6 
52.e5 Rb6 53.Ra8 c6+ 54.Kd4 Rb4+ 55.Kc5 Re4 56.Ra7+ Ke6 57.Rxh7 Kxe5 58.
Kxc6 g5 59.Kc5 g4 60.Rg7 Kf4 61.Kd5 Re8 62.Rf7+ Ke3 63.Rg7 Kf3 64.Rf7+ Kg2
65.Kd4 g3 66.Kd3 Kg1 67.Kd2 g2 68.Rf6 Rg8 0-1

[Event "IX Open A"]
[Site "Genova ITA"]
[Date "2005.08.08"]
[Round "1"]
[White "Frilli, Guido"]
[Black "Ranola, Yves"]
[Result "0-1"]
[WhiteElo "2120"]
[BlackElo "2466"]
[PlyCount "98"]
[EventDate "2005.08.08"]

1.e4 c5 2.Nf3 Nc6 3.c3 Nf6 4.e5 Nd5 5.Na3 d6 6.exd6 e6 7.Nc4 Bxd6 8.Nxd6+ 
Qxd6 9.d4 cxd4 10.Nxd4 O-O 11.Be2 Nxd4 12.Qxd4 e5 13.Qh4 Be6 14.O-O f5 15.
Rd1 Qc6 16.c4 Nf6 17.b3 Qc7 18.Bb2 Rf7 19.Qg3 Nd7 20.Qd3 Re8 21.Qc3 Rfe7 
22.Bh5 Bf7 23.Bxf7+ Rxf7 24.Rd5 Rfe7 25.c5 Nf6 26.Rd3 Kh8 27.b4 e4 28.Rg3 
e3 29.Rxe3 Rxe3 30.fxe3 Ng4 31.g3 h5 32.Qd3 Rxe3 33.Qd6 Qf7 34.Rd1 Kh7 35.
Qd4 Qe7 36.Rf1 Re4 37.Qd6 Qf7 38.Qd3 Qe6 39.Bc3 Qxa2 40.Bd2 Qe6 41.b5 h4 
42.Rf4 h3 43.Rxe4 fxe4 44.Qc2 Qf5 45.Bf4 g5 46.Bc1 Ne5 47.c6 Nf3+ 48.Kh1 
Nd4 49.Qd1 e3 0-1

[Event "IX Open A"]
[Site "Genova ITA"]
[Date "2005.08.08"]
[Round "1"]
[White "Gromovs, Sergejs"]
[Black "Hocevar, Nikola"]
[Result "1-0"]
[WhiteElo "2375"]
[BlackElo "2093"]
[PlyCount "33"]
[EventDate "2005.08.08"]

1.d4 d5 2.Nf3 Nf6 3.c4 e6 4.Nc3 Nbd7 5.Bf4 c6 6.e3 Be7 7.Qc2 Nh5 8.Be5 f6 
9.Bg3 Nxg3 10.hxg3 f5 11.O-O-O Bf6 12.cxd5 cxd5 13.Nb5 O-O 14.Nc7 Rb8 15.
Nxe6 Qa5 16.Nxf8 Qxa2 17.Nxh7 1-0

[Event "IX Open A"]
[Site "Genova ITA"]
[Date "2005.08.08"]
[Round "1"]
[White "Kilpatrick, Callum"]
[Black "Guido, Flavio"]
[Result "0-1"]
[WhiteElo "2042"]
[BlackElo "2305"]
[PlyCount "48"]
[EventDate "2005.08.08"]

1.e4 c5 2.Nf3 e6 3.d4 cxd4 4.Nxd4 Nf6 5.Nc3 d6 6.Bc4 Be7 7.O-O O-O 8.Kh1 
a6 9.f4 d5 10.exd5 exd5 11.Bd3 Nc6 12.Nf5 Bb4 13.Ne2 Re8 14.Neg3 Bf8 15.c3
Qb6 16.Nh5 Qd8 17.Nxf6+ Qxf6 18.Ng3 d4 19.Bd2 Rd8 20.Ne4 Qe7 21.cxd4 Rxd4 
22.Qf3 Bf5 23.Rfe1 Qd7 24.Nc5 Bxc5 0-1

[Event "IX Open A"]
[Site "Genova ITA"]
[Date "2005.08.08"]
[Round "1"]
[White "Lazic, Miroljub"]
[Black "Astengo, Corrado"]
[Result "1-0"]
[WhiteElo "2485"]
[BlackElo "2129"]
[PlyCount "69"]
[EventDate "2005.08.08"]

1.g3 Nf6 2.Bg2 d5 3.Nf3 Bf5 4.O-O e6 5.d3 Be7 6.c4 c6 7.Qb3 Qb6 8.Qc2 Nbd7
9.Nbd2 h6 10.b3 O-O 11.Bb2 Rfe8 12.Rac1 Bf8 13.a3 a5 14.cxd5 exd5 15.Rfe1 
Bh7 16.h3 Bc5 17.e3 Bd6 18.e4 dxe4 19.dxe4 Qc7 20.Nd4 Rac8 21.f4 h5 22.Qc3
Bc5 23.b4 axb4 24.axb4 Bxd4+ 25.Qxd4 Nb6 26.Qf2 Rcd8 27.Bd4 Nc8 28.f5 Rd7 
29.Nc4 Qd8 30.Ba1 b5 31.Ne5 Rd2 32.Qf4 Qb6+ 33.Kh1 Rf2 34.Qg5 Nd6 35.Nd7 
1-0

[Event "IX Open A"]
[Site "Genova ITA"]
[Date "2005.08.08"]
[Round "1"]
[White "Madsen, Dag"]
[Black "Carzolio, Luigi"]
[Result "1-0"]
[WhiteElo "2285"]
[BlackElo "2034"]
[PlyCount "47"]
[EventDate "2005.08.08"]

1.Nf3 d5 2.d4 Nf6 3.c4 e6 4.g3 c5 5.cxd5 exd5 6.Bg2 Nc6 7.Nc3 Be7 8.O-O 
O-O 9.Bg5 Be6 10.dxc5 d4 11.Bxf6 Bxf6 12.Ne4 Be7 13.Qa4 Bf5 14.Nfd2 Re8 
15.Rac1 Bf8 16.Rfe1 Qd7 17.b4 a6 18.a3 Rad8 19.Nd6 Bxd6 20.cxd6 Qxd6 21.
Bxc6 bxc6 22.Qxa6 Ra8 23.Qb6 Reb8 24.Qc5 1-0

[Event "IX Open A"]
[Site "Genova ITA"]
[Date "2005.08.08"]
[Round "1"]
[White "Maiorov, Nikita"]
[Black "Cirabisi, Federico"]
[Result "1-0"]
[WhiteElo "2453"]
[BlackElo "2109"]
[PlyCount "42"]
[EventDate "2005.08.08"]

1.d4 d5 2.c4 e5 3.e3 exd4 4.exd4 Nc6 5.Nf3 Bg4 6.Be2 Nf6 7.Nc3 Bb4 8.Bg5 
Qd6 9.O-O Bxc3 10.bxc3 Ne4 11.Qc1 Qg6 12.Bh4 Qh5 13.cxd5 Qxd5 14.c4 Qf5 
15.d5 Bxf3 16.gxf3 Nd4 17.Qe3 Qf4 18.Qxd4 Ng3 19.Qe3+ Qxe3 20.fxe3 Nxe2+ 
21.Kf2 Nc3 1-0

[Event "IX Open A"]
[Site "Genova ITA"]
[Date "2005.08.08"]
[Round "1"]
[White "Manfredi, Vincenzo"]
[Black "Sibille, Ettore"]
[Result "1-0"]
[WhiteElo "2183"]
[BlackElo "2006"]
[PlyCount "44"]
[EventDate "2005.08.08"]

1.d4 f5 2.g3 Nf6 3.Bg2 g6 4.c3 d5 5.Nf3 Bg7 6.Ne5 O-O 7.Nd2 a5 8.Ndf3 Na6 
9.Nd3 Ne4 10.Bf4 e6 11.Be5 c5 12.Bxg7 Kxg7 13.Nxc5 Qf6 14.Nd3 Bd7 15.Nfe5 
Be8 16.f3 Nd6 17.Qd2 Rc8 18.h4 Rc7 19.Qf4 Qe7 20.Qg5 h6 21.Qe3 Qf6 22.Nf4 
Nc4 1-0

[Event "IX Open A"]
[Site "Genova ITA"]
[Date "2005.08.08"]
[Round "1"]
[White "Mateo, Ramon"]
[Black "Guastadini, Paolo"]
[Result "1-0"]
[WhiteElo "2434"]
[BlackElo "2104"]
[PlyCount "53"]
[EventDate "2005.08.08"]

1.e4 c6 2.d4 d5 3.exd5 cxd5 4.c4 Nf6 5.Nc3 e6 6.Bf4 dxc4 7.Bxc4 Bd6 8.Bg5 
Be7 9.Nf3 O-O 10.Qe2 Nc6 11.Rd1 Nb4 12.O-O Nbd5 13.Ne5 Nxc3 14.bxc3 Nd5 
15.Bd2 Qc7 16.Bd3 b5 17.Rc1 Ba3 18.Rc2 a6 19.c4 bxc4 20.Rxc4 Qe7 21.Rb1 
Bb7 22.Rb3 a5 23.Bxh7+ Kh8 24.Rh3 Nf6 25.Be4+ Kg8 26.Bxb7 Qxb7 27.Rxa3 1-0

[Event "IX Open A"]
[Site "Genova ITA"]
[Date "2005.08.08"]
[Round "1"]
[White "Mercandelli, Claudio"]
[Black "Sanchez, Joseph"]
[Result "0-1"]
[WhiteElo "2105"]
[BlackElo "2452"]
[PlyCount "58"]
[EventDate "2005.08.08"]

1.c4 Nf6 2.g3 c6 3.Bg2 d5 4.cxd5 cxd5 5.d4 Nc6 6.Nc3 Bg4 7.Nf3 e6 8.O-O 
Bd6 9.Be3 O-O 10.Nd2 Rc8 11.Nb3 Re8 12.Rc1 Qd7 13.Nb5 Bb8 14.Nc5 Qe7 15.f3
Bf5 16.Bg5 a6 17.e4 Bg6 18.e5 axb5 19.exf6 gxf6 20.Be3 e5 21.dxe5 d4 22.
Bxd4 Rcd8 23.exf6 Qf8 24.Nxb7 Rxd4 25.Qb3 Rd3 26.Qxb5 Nd4 27.Qxe8 Qxe8 28.
Rfe1 Re3 29.Rxe3 Qxe3+ 0-1

[Event "IX Open A"]
[Site "Genova ITA"]
[Date "2005.08.08"]
[Round "1"]
[White "Mrdja, Milan"]
[Black "Ferreira, Paulo"]
[Result "1-0"]
[WhiteElo "2352"]
[BlackElo "2076"]
[PlyCount "103"]
[EventDate "2005.08.08"]

1.e4 c5 2.Nf3 d6 3.d4 cxd4 4.Nxd4 Nf6 5.f3 a6 6.c4 e6 7.Nc3 Be7 8.Be3 O-O 
9.Rc1 Nc6 10.Be2 Bd7 11.O-O Rc8 12.Kh1 Qc7 13.Nd5 exd5 14.cxd5 Qa5 15.dxc6
bxc6 16.a3 c5 17.Nc2 Bb5 18.Bd2 Qb6 19.Bc3 Rfd8 20.Ne3 Qb7 21.Qc2 Ne8 22.
Nd5 Rd7 23.Rfd1 Bf8 24.a4 Bc6 25.Bc4 Nc7 26.g4 Re8 27.Nxc7 Rxc7 28.Bd5 
Bxd5 29.Rxd5 Rcc8 30.Rcd1 Re6 31.Kg2 Be7 32.Qd3 h6 33.Qc4 Rb8 34.Kg3 Qb6 
35.h4 Qd8 36.Rh1 Bf6 37.Qxa6 Bxc3 38.bxc3 Qf6 39.Qd3 Ra8 40.Qc4 g6 41.g5 
Qe7 42.Rb1 Qa7 43.Ra1 Qa5 44.gxh6 Kh7 45.h5 Rg8 46.hxg6+ Rgxg6+ 47.Kf2 Qd8
48.Rh1 Qg8 49.Rf5 Rg2+ 50.Ke3 Qg6 51.Qd5 Rc2 52.Rg5 1-0

[Event "IX Open A"]
[Site "Genova ITA"]
[Date "2005.08.08"]
[Round "1"]
[White "Rodriguez Alvarez, Alan"]
[Black "Martinez, Rolly"]
[Result "0-1"]
[WhiteElo "2103"]
[BlackElo "2421"]
[PlyCount "76"]
[EventDate "2005.08.08"]

1.e4 c5 2.Nf3 Nc6 3.d4 cxd4 4.Nxd4 Nf6 5.Nc3 e6 6.Ndb5 d6 7.Bf4 e5 8.Bg5 
a6 9.Na3 Be6 10.Nc4 Rc8 11.Ne3 Be7 12.Be2 Nd4 13.Bxf6 Bxf6 14.Bg4 Bg5 15.
O-O O-O 16.Nf5 Qb6 17.Rb1 g6 18.Nxd4 exd4 19.Nd5 Bxd5 20.Bxc8 Bxa2 21.Qg4 
Bxb1 22.Rxb1 Bf6 23.Bd7 Qb4 24.g3 Qc4 25.Qd1 d5 26.exd5 Qxd5 27.Bh3 b6 28.
b3 a5 29.Qd3 Re8 30.Bg2 Qc5 31.Bb7 b5 32.Be4 Kg7 33.Qf3 Re7 34.Bd3 Ra7 35.
Qe2 a4 36.Bxb5 d3 37.Qxd3 a3 38.b4 a2 0-1

[Event "IX Open A"]
[Site "Genova ITA"]
[Date "2005.08.08"]
[Round "1"]
[White "Rotoni, Matteo"]
[Black "Chatalbashev, Boris"]
[Result "0-1"]
[WhiteElo "2133"]
[BlackElo "2499"]
[PlyCount "62"]
[EventDate "2005.08.08"]

1.e4 g6 2.d4 Bg7 3.Nc3 c6 4.Be3 d5 5.Qd2 dxe4 6.Nxe4 Bf5 7.f3 Nd7 8.O-O-O 
Ngf6 9.Nxf6+ Nxf6 10.Bh6 Bxh6 11.Qxh6 Qd5 12.b3 Qa5 13.Kb2 Bxc2 14.Kxc2 
Qxa2+ 15.Kc1 Qa3+ 16.Kc2 Nd5 17.Qc1 Qa2+ 18.Kd3 Qxb3+ 19.Kd2 Qe3+ 20.Kc2 
Qc3+ 21.Kb1 Qb3+ 22.Ka1 Ne3 23.Rd2 O-O-O 24.Ne2 Rd5 25.Ra2 Ra5 26.Rxa5 
Nc2+ 27.Qxc2 Qxc2 28.Rxa7 Rd8 29.Ra8+ Kc7 30.Rxd8 Kxd8 31.Ng3 b5 0-1

[Event "IX Open A"]
[Site "Genova ITA"]
[Date "2005.08.09"]
[Round "2"]
[White "Aldrovandi, Costantino"]
[Black "Maiorov, Nikita"]
[Result "0-1"]
[WhiteElo "2251"]
[BlackElo "2453"]
[PlyCount "62"]
[EventDate "2005.08.08"]

1.Nf3 Nf6 2.g3 d5 3.Bg2 c6 4.O-O Bg4 5.c4 e6 6.b3 Nbd7 7.d3 Bd6 8.Ba3 Bxa3
9.Nxa3 O-O 10.Nc2 Qe7 11.Qc1 h6 12.Qb2 Qd6 13.Ne3 Bxf3 14.Bxf3 Ne5 15.Bg2 
Rad8 16.Qd4 Qb8 17.Qb2 Rfe8 18.Rfc1 h5 19.b4 h4 20.b5 d4 21.Nf1 c5 22.Qd2 
hxg3 23.hxg3 g6 24.Qh6 Nfg4 25.Qf4 Kg7 26.Bh3 Nf6 27.Nh2 Rh8 28.Kg2 Rh5 
29.Rh1 g5 30.Qd2 Rdh8 31.Nf3 g4 0-1

[Event "IX Open A"]
[Site "Genova ITA"]
[Date "2005.08.09"]
[Round "2"]
[White "Astengo, Corrado"]
[Black "Kilpatrick, Callum"]
[Result "1-0"]
[WhiteElo "2129"]
[BlackElo "2042"]
[PlyCount "72"]
[EventDate "2005.08.08"]

1.e4 c5 2.Nf3 d6 3.d4 cxd4 4.Nxd4 Nf6 5.Nc3 a6 6.Bg5 e6 7.f4 Nbd7 8.Qf3 
Qc7 9.O-O-O b5 10.Bd3 Bb7 11.Bxf6 Nxf6 12.a3 Nd7 13.Rhe1 Nb6 14.Qe2 Be7 
15.Qh5 g6 16.Qh3 Nc4 17.f5 e5 18.Nd5 Bxd5 19.exd5 Bg5+ 20.Kb1 O-O 21.Nc6 
Na5 22.Qg4 Bf6 23.h4 Nxc6 24.dxc6 Rab8 25.Be4 b4 26.axb4 Rxb4 27.fxg6 hxg6
28.h5 Qb6 29.b3 Rxb3+ 30.cxb3 Qxb3+ 31.Kc1 Qc3+ 32.Bc2 Bg7 33.Qg5 Rc8 34.
hxg6 f6 35.Qf5 Bh6+ 36.Rd2 Qxd2+ 1-0

[Event "IX Open A"]
[Site "Genova ITA"]
[Date "2005.08.09"]
[Round "2"]
[White "Bontempi, Piero"]
[Black "Astengo, Marcello"]
[Result "1-0"]
[WhiteElo "2328"]
[BlackElo "2096"]
[PlyCount "59"]
[EventDate "2005.08.08"]

1.e4 e6 2.d4 d5 3.Bd3 dxe4 4.Bxe4 Nf6 5.Bd3 Nbd7 6.Nf3 b6 7.O-O Bb7 8.Re1 
Be7 9.Nbd2 O-O 10.Nc4 c5 11.c3 cxd4 12.cxd4 h6 13.a3 Rc8 14.Qe2 Qc7 15.
Nce5 Bd5 16.Bf4 Bd6 17.Rac1 Qb8 18.Ba6 Rxc1 19.Rxc1 Qa8 20.Qd2 Ne4 21.Qe3 
Ndf6 22.Bxh6 gxh6 23.Qxh6 Rd8 24.Ng5 Bf8 25.Qh4 Nxg5 26.Qxg5+ Bg7 27.Rc7 
Ne4 28.Qh5 Rf8 29.Nxf7 Qe8 30.Qh8+ 1-0

[Event "IX Open A"]
[Site "Genova ITA"]
[Date "2005.08.09"]
[Round "2"]
[White "Cehic, Goran"]
[Black "Mrdja, Milan"]
[Result "0-1"]
[WhiteElo "2145"]
[BlackElo "2352"]
[PlyCount "78"]
[EventDate "2005.08.08"]

1.c4 g6 2.g3 Bg7 3.Bg2 e6 4.d4 Ne7 5.Nc3 d5 6.Nf3 O-O 7.cxd5 exd5 8.O-O c6
9.h3 Nf5 10.e3 Nd6 11.Ne5 Nd7 12.Nd3 Re8 13.b4 Nf6 14.a4 a6 15.Bb2 Nc4 16.
Ra2 Bf5 17.Ba1 Qe7 18.Kh2 h5 19.b5 axb5 20.axb5 Rxa2 21.Nxa2 Ra8 22.Nab4 
h4 23.g4 Bxd3 24.Nxd3 cxb5 25.Re1 Ne4 26.Qb1 Ra5 27.Bxe4 Qxe4 28.Nc5 Qf3 
29.Qc2 Bf8 30.Bc3 Bd6+ 31.Kg1 Ra7 32.e4 Qxh3 33.e5 Qxg4+ 34.Kf1 Bxc5 35.
dxc5 h3 36.Qd1 Qg2+ 37.Ke2 Ra3 38.Bd4 Qe4+ 39.Kf1 h2 0-1

[Event "IX Open A"]
[Site "Genova ITA"]
[Date "2005.08.09"]
[Round "2"]
[White "Delorme, Axel"]
[Black "Salvador, Roland"]
[Result "1-0"]
[WhiteElo "2174"]
[BlackElo "2416"]
[PlyCount "127"]
[EventDate "2005.08.08"]

1.e4 c5 2.Nf3 Nc6 3.d4 cxd4 4.Nxd4 Nf6 5.Nc3 e5 6.Ndb5 d6 7.Bg5 a6 8.Na3 
Be6 9.Nc4 Rc8 10.Bxf6 gxf6 11.Ne3 Bh6 12.Ncd5 Bxe3 13.Nxe3 Qb6 14.b3 Qb4+ 
15.Qd2 Qxe4 16.Qxd6 Rd8 17.Qc5 Rg8 18.Bd3 Qd4 19.Qxd4 exd4 20.Nf5 Rxg2 21.
Ng3 Bd5 22.Be4 Bxe4 23.Nxe4 Rg6 24.O-O-O f5 25.Nc5 Nb4 26.a3 Na2+ 27.Kb2 
Nc3 28.Rde1+ Kf8 29.Re5 f4 30.Nxb7 Re8 31.Rxe8+ Kxe8 32.Nc5 Rg2 33.Nd3 f3 
34.h4 Ne2 35.h5 f5 36.Rh3 Ng1 37.Rh4 Rg4 38.Rh1 Kd7 39.b4 Kd6 40.Kb3 Kd5 
41.h6 Rg5 42.a4 Ne2 43.Rh3 Rg1 44.Rxf3 Rb1+ 45.Ka3 f4 46.Rh3 Kc4 47.Nb2+ 
Kd5 48.Nd3 Kc4 49.Nb2+ Kd5 50.Nd3 Nc3 51.Rh5+ Ke4 52.Re5+ Kf3 53.Re7 a5 
54.bxa5 Ra1+ 55.Kb3 Rxa4 56.Rxh7 Rxa5 57.Rg7 Ne2 58.h7 Rh5 59.Ne5+ Kxf2 
60.Ng6 f3 61.h8=Q Rxh8 62.Nxh8 Ke3 63.Ng6 Kd2 64.Kc4 1-0

[Event "IX Open A"]
[Site "Genova ITA"]
[Date "2005.08.09"]
[Round "2"]
[White "Golia, Franco"]
[Black "Grattarola, Fabio"]
[Result "1-0"]
[WhiteElo "2139"]
[BlackElo "1994"]
[PlyCount "101"]
[EventDate "2005.08.08"]

1.d4 d5 2.Nf3 Nf6 3.c4 c6 4.cxd5 cxd5 5.Nc3 Nc6 6.Bf4 e6 7.e3 a6 8.Bd3 h6 
9.h3 Bd6 10.Bxd6 Qxd6 11.O-O O-O 12.a3 b6 13.b4 Bb7 14.Qe2 b5 15.Rfc1 Rac8
16.Nd2 e5 17.dxe5 Qxe5 18.Nf3 Qd6 19.Qd1 Rfd8 20.Ne2 Ne5 21.Nxe5 Qxe5 22.
Nd4 Ne4 23.Bxe4 dxe4 24.Rxc8 Rxc8 25.Rc1 Rxc1 26.Qxc1 Kh7 27.Nb3 f5 28.g3 
h5 29.h4 Kh6 30.Nc5 Qd5 31.Kg2 Bc8 32.Kg1 Qc6 33.Qd2 Qf6 34.Nb3 g5 35.
hxg5+ Kxg5 36.Qd4 Qf8 37.Qe5 Qf6 38.Qf4+ Kg6 39.Nd4 h4 40.Qc7 Qf8 41.gxh4 
Qg8 42.Qg3+ Kh7 43.Qxg8+ Kxg8 44.Kg2 Kg7 45.Kg3 Kf6 46.Kf4 Bd7 47.h5 Be8 
48.Nxf5 Bxh5 49.Ng3 Bg6 50.Nxe4+ Ke6 51.Nc5+ 1-0

[Event "IX Open A"]
[Site "Genova ITA"]
[Date "2005.08.09"]
[Round "2"]
[White "Guido, Flavio"]
[Black "Barsov, Alexei"]
[Result "0-1"]
[WhiteElo "2305"]
[BlackElo "2530"]
[PlyCount "66"]
[EventDate "2005.08.08"]

1.e4 e6 2.d3 d5 3.Nd2 Nf6 4.Ngf3 Nc6 5.g3 dxe4 6.dxe4 Bc5 7.Bg2 O-O 8.O-O 
e5 9.h3 b6 10.Re1 a5 11.c3 Ba6 12.Nh4 Qd3 13.Nf1 g6 14.Bg5 Nh5 15.Bf3 Ng7 
16.Be2 Qxd1 17.Raxd1 a4 18.Bxa6 Rxa6 19.Ne3 f6 20.Bh6 Rf7 21.Nd5 Ne6 22.b4
axb3 23.axb3 Ra2 24.Rd2 Ra3 25.b4 Bf8 26.Bxf8 Kxf8 27.Ree2 Kg7 28.Ra2 Rxa2
29.Rxa2 Ng5 30.Ra8 Nxe4 31.Rc8 Ne7 32.Nxe7 Rxe7 33.c4 Nd6 0-1

[Event "IX Open A"]
[Site "Genova ITA"]
[Date "2005.08.09"]
[Round "2"]
[White "Lanzani, Mario"]
[Black "Guanciale, Orazio"]
[Result "1/2-1/2"]
[WhiteElo "2356"]
[BlackElo "2159"]
[PlyCount "43"]
[EventDate "2005.08.08"]

1.e4 e6 2.d4 d5 3.Nc3 Bb4 4.e5 c5 5.a3 Bxc3+ 6.bxc3 Ne7 7.Nf3 Bd7 8.dxc5 
Ng6 9.Bd3 Nc6 10.Rb1 Ncxe5 11.h4 Bc6 12.h5 Nxf3+ 13.Qxf3 Ne5 14.Qg3 Qf6 
15.O-O h6 16.Bf4 Nxd3 17.cxd3 d4 18.Rb4 Rd8 19.Rxd4 Rxd4 20.cxd4 O-O 21.
Re1 Kh7 22.Re3 1/2-1/2

[Event "IX Open A"]
[Site "Genova ITA"]
[Date "2005.08.09"]
[Round "2"]
[White "Manfredi, Vincenzo"]
[Black "Gromovs, Sergejs"]
[Result "1-0"]
[WhiteElo "2183"]
[BlackElo "2375"]
[PlyCount "83"]
[EventDate "2005.08.08"]

1.d4 c5 2.d5 g6 3.e4 Bg7 4.Nf3 d6 5.Bb5+ Nd7 6.a4 a6 7.Be2 Ngf6 8.Nc3 O-O 
9.O-O b6 10.h3 Rb8 11.Nd2 Qc7 12.Kh1 e6 13.dxe6 fxe6 14.Nc4 Ne8 15.f4 b5 
16.axb5 axb5 17.Ne3 b4 18.Nb5 Qc6 19.Na7 Qxe4 20.Bf3 Qd4 21.Nc6 Qxd1 22.
Rxd1 Nc7 23.Nxb8 Nxb8 24.Rxd6 Ba6 25.Ng4 Bd4 26.Ne5 g5 27.Nc6 Nb5 28.Rxe6 
Bc8 29.Nxd4 Nxd4 30.Re5 gxf4 31.Rxc5 Nd7 32.Rc4 Nxf3 33.gxf3 Bb7 34.Rxf4 
Re8 35.Ra7 Bc6 36.Bd2 Re2 37.Bxb4 h5 38.Rf5 Rxc2 39.Bc3 h4 40.Rc7 Ne5 41.
Rg5+ Kf8 42.Bb4+ 1-0

[Event "IX Open A"]
[Site "Genova ITA"]
[Date "2005.08.09"]
[Round "2"]
[White "Martinez, Rolly"]
[Black "Roatta, Luca"]
[Result "1-0"]
[WhiteElo "2421"]
[BlackElo "2200"]
[PlyCount "67"]
[EventDate "2005.08.08"]

1.e4 c6 2.Nc3 d5 3.Nf3 Bg4 4.h3 Bxf3 5.Qxf3 e6 6.d3 Nd7 7.Bd2 Ngf6 8.g4 
Bd6 9.g5 Ne5 10.Qg2 Nfd7 11.O-O-O d4 12.Ne2 c5 13.f4 Nc6 14.h4 b5 15.e5 
Ncxe5 16.fxe5 Nxe5 17.Qe4 Rc8 18.Kb1 a5 19.h5 a4 20.Bf4 Nc6 21.g6 e5 22.
Bh3 Rc7 23.gxf7+ Kf8 24.Bd2 c4 25.Rhg1 c3 26.Bg5 Be7 27.Bxe7+ Qxe7 28.Qg2 
g6 29.hxg6 Qb4 30.g7+ Ke7 31.Qg5+ Kd6 32.Qf6+ Kc5 33.f8=Q+ Ne7 34.Q8xe7+ 
1-0

[Event "IX Open A"]
[Site "Genova ITA"]
[Date "2005.08.09"]
[Round "2"]
[White "Pace, Pietro Dario"]
[Black "Mateo, Ramon"]
[Result "0-1"]
[WhiteElo "2198"]
[BlackElo "2434"]
[PlyCount "118"]
[EventDate "2005.08.08"]

1.e4 c5 2.b3 d5 3.exd5 Qxd5 4.Nf3 Bg4 5.Nc3 Qe6+ 6.Qe2 Qxe2+ 7.Bxe2 Nc6 8.
Bb2 Nf6 9.O-O-O e6 10.h3 Bh5 11.g4 Bg6 12.Nh4 O-O-O 13.Nxg6 hxg6 14.Bf3 
Nd4 15.Bg2 g5 16.Rhe1 Be7 17.Ba3 b6 18.Kb1 Bd6 19.Ne4 Nxe4 20.Rxe4 Bf4 21.
Bb2 e5 22.c3 Ne6 23.d4 exd4 24.cxd4 cxd4 25.Bxd4 Rd7 26.Rd3 Rhd8 27.Rc3+ 
Rc7 28.Rxc7+ Kxc7 29.Bc3 Rd1+ 30.Kc2 Rc1+ 31.Kb2 Rg1 32.Bf3 Rf1 33.Re2 a5 
34.Bd5 Kd6 35.Bg2 Rg1 36.Bf3 f6 37.Be4 Nc5 38.Bf5 Rh1 39.b4 Na4+ 40.Kb3 b5
41.Re1 Rxh3 42.Rd1+ Kc7 43.Rd3 Rh2 44.Bd4 Bd6 45.bxa5 Bc5 46.Be3 Bxe3 47.
Rxe3 Rxf2 48.Re7+ Kc6 49.Rxg7 Rf3+ 50.Kc2 Ra3 51.Be6 Nc5 52.Bb3 Nxb3 53.
axb3 Rxa5 54.Rf7 Ra2+ 55.Kc3 Rf2 56.Kd3 Rf4 57.Ke3 Kd6 58.b4 Ke6 59.Rb7 
Rxb4 0-1

[Event "IX Open A"]
[Site "Genova ITA"]
[Date "2005.08.09"]
[Round "2"]
[White "Ranola, Yves"]
[Black "Madsen, Dag"]
[Result "0-1"]
[WhiteElo "2466"]
[BlackElo "2285"]
[PlyCount "64"]
[EventDate "2005.08.08"]

1.c4 c5 2.g3 Nf6 3.Bg2 d5 4.cxd5 Nxd5 5.Nc3 Nc7 6.Nf3 Nc6 7.O-O e5 8.Ne1 
Bg4 9.Qa4 Qd7 10.Nd3 f6 11.f4 Qd4+ 12.Rf2 Bd7 13.fxe5 Nb4 14.Qd1 Nxd3 15.
exd3 Be7 16.exf6 O-O 17.Ne4 Bxf6 18.Qe2 Be5 19.Rb1 Bb5 20.Bf1 Rxf2 21.Nxf2
Rf8 22.Kg2 Qd5+ 23.Qe4 Qxe4+ 24.dxe4 Bxf1+ 25.Kxf1 Bd4 26.b4 Rxf2+ 27.Ke1 
Ne6 28.bxc5 Nxc5 29.Kd1 Rxh2 30.Rb4 Rh1+ 31.Ke2 Rxc1 32.Rxd4 Rc2 0-1

[Event "IX Open A"]
[Site "Genova ITA"]
[Date "2005.08.09"]
[Round "2"]
[White "Sanchez, Joseph"]
[Black "Delorme, Alban"]
[Result "1-0"]
[WhiteElo "2452"]
[BlackElo "2254"]
[PlyCount "64"]
[EventDate "2005.08.08"]

1.e4 c5 2.Nf3 Nc6 3.d4 cxd4 4.Nxd4 Nf6 5.Nc3 d6 6.Be3 Ng4 7.Qd2 Nxe3 8.
Qxe3 g6 9.Nxc6 bxc6 10.Qd4 Rg8 11.Bc4 Qb6 12.Qd3 Bg7 13.O-O-O Rb8 14.Bb3 
Be6 15.f4 Bxb3 16.axb3 Qa5 17.Na4 Qb5 18.Qh3 Qa5 19.Kb1 Qc7 20.e5 dxe5 21.
fxe5 Bxe5 22.Rhf1 h5 23.Qg3 f6 24.Nc5 Kf7 25.Rd7 Qb6 26.Qe3 Ke8 27.Rfd1 
Kf7 28.b4 Qxb4 29.Nd3 Qb5 30.Rf1 Rge8 31.c4 Qa5 32.Nxe5+ Ke6 1-0

[Event "IX Open A"]
[Site "Genova ITA"]
[Date "2005.08.10"]
[Round "3"]
[White "Barsov, Alexei"]
[Black "Martinez, Rolly"]
[Result "0-1"]
[WhiteElo "2530"]
[BlackElo "2421"]
[PlyCount "94"]
[EventDate "2005.08.08"]

1.d4 d5 2.c4 c6 3.Nf3 Nf6 4.Nc3 dxc4 5.a4 Bf5 6.Ne5 Nbd7 7.Nxc4 Qc7 8.Qd2 
e6 9.Qf4 Qxf4 10.Bxf4 Nb6 11.Nd6+ Bxd6 12.Bxd6 O-O-O 13.Be5 Ng4 14.a5 Nd5 
15.e4 Nxc3 16.exf5 Ne4 17.fxe6 f6 18.Bg3 Rxd4 19.a6 Re8 20.Be2 Nxg3 21.
hxg3 Rxe6 22.Rxh7 Rde4 23.axb7+ Kb8 24.O-O-O Nxf2 25.Rd8+ Kxb7 26.Rxg7+ 
Kb6 27.Bf3 Rc4+ 28.Kd2 a5 29.Rh7 Ne4+ 30.Kd3 Rb4 31.Rb8+ Kc5 32.Rxb4 Nf2+ 
33.Kc2 axb4 34.Rh4 Rd6 35.Be2 Rd4 36.Rh5+ Rd5 37.Rh4 Re5 38.Bf3 Re3 39.Rf4
Nd3 40.Rf5+ Ne5 41.Rxf6 b3+ 42.Kd2 Nc4+ 43.Kd1 Nxb2+ 44.Kd2 Nc4+ 45.Kd1 
Rd3+ 46.Ke1 Ne5 47.Ke2 b2 0-1